000 00342nam a22001457a 4500
008 221220b ||||| |||| 00| 0 eng d
020 _a0929543009
041 _aeng
080 _a33
082 _a33ELL
100 _a22
101 _aBIZNES
245 _aTHE COMPLETE BOOK OF CONTEMPORARY BUSINESS LETTERS
_cELLIOTT P S
942 _2udc
_cBK
999 _c59218
_d59218